000 00560nam a22001937a 4500
005 20250929163941.0
010 _aENG-146892
020 _a9789369582396
_c725.00
035 _aEN-130424
037 _bDBAD
082 _25
_a338.04
100 _aKhanka, SS
_985277
245 _aEntrepreneurial Development/
_cSS Khanka
250 _a5
260 _aUttar Pradesh
_bS. Chand Publishing
_c2025
270 _aD-92, Sector-2, Noida
_bUttar Pradesh
_e201301
_k61-120-4682700
300 _a708p.
_c24cm(pb)
942 _2ddc
_cEN
_h338.04
_mKHA
999 _c213513
_d213513